Úloha vodcov pri tvorbe, implementácii a inovácii podnikateľských modelov

Vodcovstvo ako rozhodujúci činiteľ zmeny v podnikoch. Praktický príklad podnikateľského modelu a jeho inovácií. Podnikateľský model eČakáreň podľa Lean Canvas. Inovácie podnikateľského modelu.

Guardado en:
Detalles Bibliográficos
Autor principal: Ljudvigová, Ivana
Formato: Capítulo de libro
Lenguaje:eslovaco
Materias:
Etiquetas: Agregar Etiqueta
Sin Etiquetas, Sea el primero en etiquetar este registro!

MARC

LEADER 00000nla a2200000 4500
001 0246457
005 20240502073945.3
041 0 |a slo 
044 |a SK 
245 1 0 |a Úloha vodcov pri tvorbe, implementácii a inovácii podnikateľských modelov  |c Ivana Ljudvigová 
520 |a Vodcovstvo ako rozhodujúci činiteľ zmeny v podnikoch. Praktický príklad podnikateľského modelu a jeho inovácií. Podnikateľský model eČakáreň podľa Lean Canvas. Inovácie podnikateľského modelu. 
610 2 0 |a modely podnikateľské 
610 2 0 |a stratégia inovačná 
610 2 0 |a vodcovstvo 
610 2 0 |a manažéri 
610 2 0 |a rozhodovanie manažérske 
100 1 |a Ljudvigová, Ivana